[Event "Malakhatko Memorial op"]
[Site "Chess.com INT"]
[Date "2023.06.14"]
[Round "2"]
[White "Stets, Vasilij"]
[Black "Karabanovych, Vasyl"]
[Result "1-0"]
[WhiteElo "2200"]
[BlackElo "1567"]
[PlyCount "55"]
[EventDate "2023.06.14"]
[EventType "swiss (blitz)"]
[EventRounds "11"]
[EventCountry "USA"]
[SourceTitle "CBM 214 Extra"]
[Source "ChessBase"]
[SourceDate "2023.07.31"]
[SourceVersion "1"]
[SourceVersionDate "2023.07.31"]
[SourceQuality "1"]

1. d4 Nf6 2. Bf4 c5 3. e3 Nc6 4. c3 Qb6 5. Qb3 d5 6. Nd2 c4 7. Qc2 g6 8. e4 e6 9. f3 Be7 10. b3 cxb3 11. axb3 0-0 12. Bd3 Bd7 13. Ne2 Rac8 14. Qb2 Nh5 15. Bh6 Rfe8 16. g4 Ng7 17. e5 f6 18. f4 fxe5 19. fxe5 Bh4+ 20. Ng3 Qd8 21. Nf3 Be7 22. 0-0 a6 23. Qb1 Rf8 24. Bxg6 hxg6 25. Qxg6 Rf7 26. Ng5 Rxf1+ 27. Rxf1 Bf8 28. Qh7# 1-0